000 00300nam a2200121 a 4500
005 20140414131927.0
008 101027s19uu xx 00 eng d
050 _aER
_bW72 2000
100 _a
245 _aWinnie the Pooh : Pooh's perfect spring day.
260 _bDisney,
_c2000.
999 _c112088
_d112088